000 00550nam a2200157 a 4500
001 000026354
005 20240705073646.0
008 110314s1940 dr 000 0 spa d
040 _aDO-SdBNP
_bspa
_cBNPHU
100 1 _aHostos, Adolfo de
_953384
245 1 0 _aÍndice hemero-bibliográfico de Eugenio María de Hostos /
_cAdolfo de Hostos.
260 _aSan Juan, Puerto Rico,
_c1940.
300 _a756 P. ;
_c23 cm.
500 _aIncluye material inédito, iconografía hostosiana (1863-1940)
600 1 0 _aHostos, Eugenio María de,
_d1839-1903
_91352
999 _c25846
_d25846